00331 a2200109 4500001001000000005001700010008004100027245005400068100001900122773006300141999001700204ART_1147720260410161858.0260409a 10aReseñando la crisis de la deuda latinoamericana1 aFerro, Gustavo0 tRevista de Economíag- Nº 69 (abr./jun. 1993)wREV11077 c25612d25612